Estatísticas para Países com Mais Campos de Golfe

Clique aqui para jogar o quiz

Estatísticas Gerais

  • Esse quiz foi jogado 2 513 vezes
  • A pontuação média é 11 de 14

Estatísticas das Respostas

#País% Correto
15,047Estados Unidos
99%
2,295Canadá
95%
637França
91%
3,349Reino Unido
91%
383China
90%
418Espanha
86%
1,591Austrália
85%
2,290Japão
82%
316Argentina
69%
410Nova Zelândia
66%
485Suécia
64%
444Coreia do Sul
62%
457Irlanda
62%
484África do Sul
53%

Distribuição das Pontuações

Percentil de Números Respondidos

Porcentagem de Pessoas com Cada Pontuação

Sua Pontuação Histórica

Você não jogou esse quiz